000 00835nas a2200277 4500
001 BR0901388
003 BR-BrBNA
005 20231205113218.0
007 ta
008 230509b bl.|||p| |||| 00| 00por d
040 _aBR-BrBNA
_bpor
_cBiblioteca Nacional de Agricultura
041 _a(Pt)
072 _aF08
100 1 _aLonde, L.N.
100 1 _aFigueira, E.R.
100 1 _aArruda, A. da S.
100 1 _aBonneti, A.M.
100 1 _aSantana, D.G.
245 1 _aCultivo in vitro de gloxinia em meio MS com diferentes concentrações de fitorreguladores.
650 _aCULTURA IN VITRO
650 _aGLOXÍNIA
650 _aHORMONIO VEGETAL
773 0 _tBioscience Journal (Brazil)
_xISSN 1516-3725
_g(Sep-Dec 2004), v. 20(3) p. 69-74
_wBR0901388
909 _a202311
_bLúcia
_c55
_dLúcia Elande
942 _2AGRIS
_n0
_cANA
999 _c202487
_d202487